000 00312nam a22001217a 4500
008 181024b xxu||||| |||| 00| 0 eng d
041 _aeng
080 _a159.9
100 _a48
101 _aPSI
245 _aTalks to Teachers on Psychology and to Students on Some of Life's Idelas
_cJames,W
942 _2udc
_cBK
999 _c50840
_d50840